Statistics for Which city is further West?

Click here to take the quiz!

General Stats

  • This quiz has been taken 18 times
  • The average score is 11 of 20

Answer Stats

QuestionAnswer% Correct
Choose the correct answerLondon
82%
Choose the correct answerMoscow
71%
Choose the correct answerSantiago
71%
Choose the correct answerIstanbul
71%
Choose the correct answerLagos
65%
Choose the correct answerVancouver
65%
Choose the correct answerZürich
65%
Choose the correct answerPrague
59%
Choose the correct answerKinshasa
59%
Choose the correct answerBangkok
59%
Choose the correct answerPerth
53%
Choose the correct answerNanjing
53%
Choose the correct answerManila
53%
Choose the correct answerMedina
47%
Choose the correct answerKinshasa
47%
Choose the correct answerWashington D.C
41%
Choose the correct answerPhiladelphia
41%
Choose the correct answerHo Chi Minh City
35%
Choose the correct answerMelbourne
35%
Choose the correct answerMumbai
29%

Score Distribution

Percentile by Number Answered

Percent of People with Each Score

Your Score History

You have not taken this quiz